| 000 | 00000nam##2200000za#4500 |
| 001 | 9.696379 |
| 003 | CaOODSP |
| 005 | 20210624235015 |
| 007 | cr ||||||||||| |
| 008 | 150407|1995||||xxc|||||o f|0| 0 eng|d |
| 040 | |aCaOODSP|beng |
| 043 | |an-cn--- |
| 086 | 1 |aCH4-1/8-1995E-PDF |
| 110 | 1 |aCanada. |bCanadian Heritage. |
| 245 | 10|aTelevision violence : |h[electronic resource]|ba review of the effects on children of different ages / |cby Wendy L. Josephson. |
| 260 | |aOttawa - Ontario : |bCanadian Heritage |cFebruary 1995. |
| 300 | |a84p.|breferences |
| 500 | |aThe catalogue number (CH4-1/8-1995E) and ISBN (0-662-23229-1) for the print edition have been incorrectly copied in this electronic publication. |
| 590 | |a12-31-Supp|b2012-07-06 |
| 690 | 07|aChild development|2gcpds |
| 690 | 07|aTelevision|2gcpds |
| 690 | 07|aViolence|2gcpds |
| 720 | 1 |aJosephson, Wendy L. |
| 775 | 08|tÉtude sur les effets de la violence télévisuelle sur les enfants, selon leur âge / |w(CaOODSP)9.640495 |
| 776 | 0#|tTelevision violence : |w(CaOODSP)9.645871 |
| 856 | 40|ahttp://publications.gc.ca|qPDF|s286 KB|uhttps://publications.gc.ca/collections/Collection/CH4-1-8-1995E.pdf |